000 00627nam a2200181Ia 4500
008 100920s9999 xx 000 0 und d
082 _b37180
_a24 थ 76
100 _aकवीश्वर छबुताई.
245 _aआणि सूडाग्नी गारठला.
260 _bसुरस प्रकाशन, सोलापूर.
_c1976
300 _a64
_bसाधी
365 _b5
520 _aसायो.
630 _aआणि सूडाग्नी गारठला.
650 _aसायो.
730 _aआणि सूडाग्नी गारठला.
942 _cBOOK
999 _c689873
_d689870